005060000a2200181000450000500170000094200090001710000280002624500270005426000350008130000100011649000340012604000080016036500090016865000200017765000260019799900190022395200820024220120302060204.0 cBOOK a Matsayan Madhavacharya a Sanwadarshan Sangraha aPune:Nirnaya Sagar Press,1924. a645p. aRajkiya Prachhaya Granthawali aS.M b10/- aPravaas Varnane aSarvadarshan Sangraha c350485d350482 00104070aIOSbIOSd2009-12-02l0pIOS-549r2009-12-02 00:00:00w2009-12-02